Zelené systémy a jejich význam v krajinném obraze Celostátní konference se zahraniční účastí

Enregistré dans:
Détails bibliographiques
Format: Livre
Langue:tchèque
Publié: Praha Dům techn. ČSVTS 1986
Édition:1. vyd.
Tags: Ajouter un tag
Pas de tags, Soyez le premier à ajouter un tag!

MARC

LEADER 00000nam a2200000 4500
001 c026384
005 20221220073408.9
041 0 |a cze 
044 |a CZ 
245 1 0 |a Zelené systémy a jejich význam v krajinném obraze  |b Celostátní konference se zahraniční účastí 
250 |a 1. vyd. 
264 1 |a Praha  |b Dům techn. ČSVTS  |c 1986 
300 |a 192 s.